000
00277nam a22001217a 4500
008
170310b xxu||||| |||| 00| 0 eng d
041
_a
eng
080
_2
11 ED
_a
SHM
100
_a
7
101
_a
SHM
245
_a
PRIMER ON THE RHEUMATIC DISEASES
_c
KLIPEL.J.H
942
_2
udc
_c
BK
999
_c
7465
_d
7465